Viajando com Langsdorff / (Record no. 1325)

MARC details
000 -LÍDER
Campo Fixo de Controle 00933nam a2200277 a 4500
001 - NÚMERO DE CONTROLE
Campo de Controle 1325
003 - IDENTIFICAÇÃO DO NÚMERO DE CONTROLE
Campo de Controle BR-CuiBMT
005 - DATA E HORA DA ÚLTIMA ATUALIZAÇÃO
Campo de Controle 20231205023717.0
008 - DADOS FIXOS
Dados Fixos 231201s2013 dfba 001 0 por d
020 ## - INTERNATIONAL STANDARD BOOK NUMBER
Nº do ISBN 9788570185909
040 ## - AGÊNCIA CATALOGADORA
Código da Agência Catalogadora BR-CuiBMT
Agência que transcreveu o registro BR-CuiBMT
080 ## - Nº DA CLASSIFICAÇÃO DECIMAL UNIVERSAL
Nº Class. CDU 94
Subd. Auxiliar Comum (81).044/.046
Nº edição CDU 2007
090 ## - NÚMERO DE CHAMADA
Nº classificação 94(81).044/.046
Cutter F866v
100 1# - ENTRADA PRINCIPAL -- AUTOR PESSOAL
Nome pessoal Freitag-Rouanet, Barbara
245 10 - TÍTULO PRINCIPAL
Título principal Viajando com Langsdorff /
Indicação de responsabilidade Barbara Freitag-Rouanet.
260 ## - PUBLICAÇÃO, DISTRIBUIÇÃO, ETC.
Local de publicação Brasília :
Editora Senado Federal :
-- Conselho Editorial,
Data 2013.
300 ## - DESCRIÇÃO FÍSICA
N. páginas ou volumes 248 p. :
Ilustrações il. color. ;
Dimensões 23 cm
490 1# - INDICAÇÃO DE SÉRIE
Título da série Coleção edições do Senado Federal ;
Volume/designação sequencial da série v. 195
504 ## - NOTA DE BIBLIOGRAFIA, ETC.
Nota de bibliografia Inclui bibliografia e índice.
600 1# - ASSUNTO -- NOME PESSOAL
Nome pessoal Langsdorff, Grigory Ivanovitch,
Datas associadas ao nome 1774-1852
650 ## - ASSUNTO TÓPICO
Cabeçalho tópico ou nome geográfico Brasil
Subdivisão geral Expedição exploradora
650 ## - ASSUNTO TÓPICO
Cabeçalho tópico ou nome geográfico Expedição científica
Subdivisão geográfica Brasil
650 ## - ASSUNTO TÓPICO
Cabeçalho tópico ou nome geográfico Brasil
Subdivisão geral Viagem
Subdivisão cronológica 1822-1829
830 #0 - ENTRADA SECUNDÁRIA DE SÉRIE -- TÍTULO UNIFORME
Título uniforme Edições do Senado Federal ;
Nº do volume/designação sequencial da série 195
942 ## - ELEMENTOS DE ENTRADA ADICIONAIS (KOHA)
Fonte de classificação ou esquema de arquivamento Classificação Decimal Universal
Tipo de item do Koha Livros
Holdings
Estado: removido Estado: perdido Fonte de classificação ou esquema de arquivamento Estado: danificado Indisponível para empréstimo Localização permanente Localização atual Data de aquisição Total Checkouts Número de Chamada completo Código de barras Date last seen Número do exemplar Preço efetivo a partir de Tipo de item (Koha)
    Classificação Decimal Universal     Biblioteca da Escola Superior de Contas do TCE/MT Biblioteca da Escola Superior de Contas do TCE/MT 03/12/2023   94(81).044/.046 F866v BIBTCEMT23120168 05/12/2023 Ex. 1 05/12/2023 Livros
    Classificação Decimal Universal     Biblioteca da Escola Superior de Contas do TCE/MT Biblioteca da Escola Superior de Contas do TCE/MT 03/12/2023   94(81).044/.046 F866v BIBTCEMT23120169 05/12/2023 Ex. 2 05/12/2023 Livros
    Classificação Decimal Universal     Biblioteca da Escola Superior de Contas do TCE/MT Biblioteca da Escola Superior de Contas do TCE/MT 03/12/2023   94(81).044/.046 F866v BIBTCEMT23120170 05/12/2023 Ex. 3 05/12/2023 Livros

Powered by Koha